01144nam a2200289Ia 4500001001100000003000800011006001900019007001500038008004100053040002100094035002000115050002300135100003100158245006900189260003900258300002900297500002300326500002800349533015200377650003200529650005600561651005100617655002900668710001700697856012500714999001500839ebr5000123CaPaEBRm u cr cn|||||||||691118r20011906oncb s 000 0 eng d aCaPaEBRcCaPaEBR a(OCoLC)7074423614aDA235b.O58 2001eb1 aOman, Charles,d1860-1946.14aThe Great Revolt of 1381h[electronic resource] /cCharles Oman. aKitchener, Ont. :bBatoche,c2001. a178, [194] p. :b2 maps. aNotes : [179-194]. a"First published 1906." aElectronic reproduction.bPalo Alto, Calif. :cebrary,d2011.nAvailable via World Wide Web.nAccess may be limited to ebrary affiliated libraries. 0aTyler's Insurrection, 1381. 0aPeasant uprisingszGreat BritainxHistoryyTo 1500. 0aGreat BritainxHistoryyRichard II, 1377-1399. 7aElectronic books.2local2 aebrary, Inc.40uhttp://site.ebrary.com/lib/rucke/Doc?id=5000123zAn electronic book accessible through the World Wide Web; click to view c2158d2158